[Event "La Palma Island op"]
[Site "Santa Cruz de La Palma"]
[Date "2023.08.10"]
[Round "8"]
[White "Hernandez Leon, Alberto"]
[Black "Li, Hong"]
[Result "0-1"]
[WhiteElo "2202"]
[BlackElo "2249"]
[PlyCount "148"]
[EventDate "2023.08.05"]
[EventType "swiss"]
[EventRounds "9"]
[EventCountry "ESP"]
[SourceTitle "CBM 215 Extra"]
[Source "ChessBase"]
[SourceDate "2023.09.30"]
[SourceVersion "1"]
[SourceVersionDate "2023.09.30"]
[SourceQuality "1"]

1. d4 Nf6 2. c4 e6 3. Nf3 d5 4. e3 Be7 5. b3 b6 6. Bd3 Bb7 7. Nbd2 0-0 8. 0-0 c5 9. Bb2 cxd4 10. exd4 Nc6 11. Qe2 Re8 12. Rad1 Rc8 13. Bb1 Bf8 14. Rfe1 g6 15. h4 Bg7 16. Ne5 Qe7 17. Ndf3 dxc4 18. bxc4 Nxe5 19. dxe5 Bxf3 20. Qxf3 Nd7 21. Re4 Nc5 22. Rf4 Red8 23. Re1 Rd7 24. h5 Rcd8 25. Ba3 Qg5 26. hxg6 hxg6 27. Bxc5 bxc5 28. Rfe4 Rd2 29. Qa3 Qe7 30. R4e3 Bh6 31. Rd3 R8xd3 32. Bxd3 Qh4 33. Be2 Qd4 34. Kf1 Qxe5 35. Qxa7 Qh2 36. Qa8+ Bf8 37. g3 Rxa2 38. Qg2 Qh6 39. Rd1 Bg7 40. Qf3 Bd4 41. Kg2 Kg7 42. Qe4 Qg5 43. Rd3 Qf5 44. Qxf5 gxf5 45. Kf1 Kf6 46. Rb3 Ra7 47. Kg2 Kg5 48. Rb8 f4 49. Rg8+ Kf5 50. gxf4 Kxf4 51. Rg4+ Kf5 52. Rg8 Ra2 53. Kf1 Ke5 54. Rg3 f5 55. Rf3 Kf6 56. Bd3 Kg5 57. Kg2 Rd2 58. Rg3+ Kf6 59. Rf3 Bxf2 60. Kf1 Bh4 61. Be2 Bg5 62. Rb3 Ke5 63. Rb6 Bh4 64. Rc6 Be7 65. Bh5 Bd6 66. Rc8 Kf4 67. Ra8 e5 68. Be2 e4 69. Ke1 Rb2 70. Rh8 Ke3 71. Rh3+ Kd4 72. Rh5 Bg3+ 73. Kf1 Ke3 74. Kg2 f4 0-1

[Event "CHN-chTB"]
[Site "Hefei"]
[Date "2023.04.21"]
[Round "8"]
[White "Jiang, Liu"]
[Black "Li, Hong"]
[Result "0-1"]
[WhiteElo "1626"]
[BlackElo "2260"]
[PlyCount "92"]
[EventDate "2023.04.17"]
[EventType "team-swiss"]
[EventRounds "9"]
[EventCountry "CHN"]
[SourceTitle "EXT 2024"]
[Source "ChessBase"]
[SourceDate "2023.10.10"]
[SourceVersion "1"]
[SourceVersionDate "2023.10.10"]
[SourceQuality "1"]
[WhiteTeam "Heilongjiang"]
[BlackTeam "Guangzhou Lingnan"]
[WhiteTeamCountry "CHN"]
[BlackTeamCountry "CHN"]

1. d4 Nf6 2. c4 e6 3. Nf3 b6 4. g3 Bb7 5. Bg2 Be7 6. Nc3 0-0 7. 0-0 Ne4 8. Qc2 Nxc3 9. Qxc3 d6 10. b3 Qe8 11. Bb2 f5 12. Nd2 Bxg2 13. Kxg2 Nd7 14. e4 f4 15. Rae1 e5 16. d5 Qg6 17. Nf3 Rf7 18. b4 Raf8 19. Qd3 h5 20. h3 Qh6 21. Bc1 Bf6 22. Nh2 Bg5 23. Nf3 Bf6 24. Nh2 Bg5 25. Nf3 Qf6 26. g4 Qg6 27. Rg1 hxg4 28. hxg4 Ra8 29. Kf1 a5 30. b5 Nc5 31. Qc2 Rff8 32. Ba3 Nd7 33. Qd3 Kf7 34. Ke2 Rh8 35. Rh1 Nf6 36. Kd2 Rh6 37. Nxg5+ Qxg5 38. f3 Rah8 39. Rxh6 Qxh6 40. Kc1 Qh4 41. Rf1 Qg3 42. Qb3 Qg2 43. Rd1 Rh2 44. Bb2 Nd7 45. Ba3 Qe2 46. Kb1 a4 0-1

[Event "CHN-chB"]
[Site "Qiziwan"]
[Date "2023.02.04"]
[Round "11"]
[White "Li, Hong"]
[Black "Bai, Changlin"]
[Result "1-0"]
[WhiteElo "2293"]
[BlackElo "1934"]
[PlyCount "99"]
[EventDate "2023.01.30"]
[EventType "swiss"]
[EventRounds "11"]
[EventCountry "CHN"]
[SourceTitle "CBM 212 Extra"]
[Source "ChessBase"]
[SourceDate "2023.03.31"]
[SourceVersion "1"]
[SourceVersionDate "2023.03.31"]
[SourceQuality "1"]

1. d4 Nf6 2. c4 e6 3. g3 d5 4. Bg2 Bb4+ 5. Bd2 Be7 6. Nf3 0-0 7. 0-0 b6 8. cxd5 exd5 9. Nc3 Bb7 10. Rc1 c5 11. Bg5 Ne4 12. Bxe7 Qxe7 13. dxc5 Nxc3 14. Rxc3 bxc5 15. Qc2 Na6 16. e3 Rfd8 17. Rd1 Rac8 18. a3 Qf6 19. g4 Rc6 20. g5 Qe6 21. Rcd3 Rcd6 22. Qc3 h6 23. b4 cxb4 24. axb4 Rc8 25. Qa3 d4 26. b5 Nc5 27. Rxd4 Rxd4 28. Nxd4 Qg4 29. f3 Qxg5 30. Rc1 Ne6 31. Nc6 Rc7 32. Qd3 Rd7 33. Qe2 Bxc6 34. bxc6 Nd4 35. Qf2 Nxc6 36. f4 Qg6 37. f5 Qg4 38. h3 Rd1+ 39. Kh2 Qxg2+ 40. Qxg2 Rxc1 41. f6 g6 42. Qd2 Rc5 43. Qd7 Ne5 44. Qe8+ Kh7 45. Qf8 Nf3+ 46. Kg3 Rg5+ 47. Kf2 Rg2+ 48. Kxg2 Nh4+ 49. Kf2 Nf5 50. e4 1-0

[Event "CHN-chB"]
[Site "Qiziwan"]
[Date "2023.02.02"]
[Round "8"]
[White "Shi, Jiashuo"]
[Black "Li, Hong"]
[Result "0-1"]
[WhiteElo "1650"]
[BlackElo "2293"]
[PlyCount "98"]
[EventDate "2023.01.30"]
[EventType "swiss"]
[EventRounds "11"]
[EventCountry "CHN"]
[SourceTitle "CBM 212 Extra"]
[Source "ChessBase"]
[SourceDate "2023.03.31"]
[SourceVersion "1"]
[SourceVersionDate "2023.03.31"]
[SourceQuality "1"]

1. d4 Nf6 2. Nf3 e6 3. g3 d5 4. c4 dxc4 5. Qa4+ Nbd7 6. Qxc4 a6 7. Bg2 b5 8. Qc2 Bb7 9. 0-0 c5 10. Bg5 Rc8 11. Qd1 h6 12. Bxf6 Nxf6 13. dxc5 Qxd1 14. Rxd1 Bxc5 15. Nc3 Ke7 16. Ne5 Bxg2 17. Kxg2 Rc7 18. Nd3 Bd4 19. a4 Bxc3 20. bxc3 Nd5 21. Nb4 Nxc3 22. Nxa6 Ra7 23. Rd3 Nxa4 24. Nb4 Rc8 25. Rb3 Rd7 26. Nd3 Nc3 27. Rc1 Rdc7 28. Rc2 g5 29. g4 f6 30. h3 Kf7 31. Rcb2 Rc4 32. Rc2 Kg6 33. Nb2 R4c7 34. Nd3 h5 35. f4 hxg4 36. hxg4 Rc4 37. Nb2 R4c6 38. Nd3 gxf4 39. Nxf4+ Kf7 40. e3 Rc4 41. Rf2 e5 42. Ne2 Ne4 43. Rf5 Rc2 44. Ra3 b4 45. Ra7+ Ke6 46. Ra6+ R8c6 47. Rxc6+ Rxc6 48. Ng3 Rc2+ 49. Kh3 Ng5+ 0-1

[Event "Budapest FS12 IM"]
[Site "Budapest"]
[Date "2018.12.11"]
[Round "9.3"]
[White "Martic, Zlatko"]
[Black "Li, Hong"]
[Result "1/2-1/2"]
[WhiteElo "2267"]
[BlackElo "2330"]
[PlyCount "43"]
[EventDate "2018.12.01"]
[EventType "tourn"]
[EventRounds "9"]
[EventCountry "HUN"]
[SourceTitle "CBM 187 Extra"]
[Source "ChessBase"]
[SourceDate "2018.11.04"]
[SourceVersion "1"]
[SourceVersionDate "2018.11.04"]
[SourceQuality "1"]

1. d4 Nf6 2. Bg5 d5 3. Bxf6 exf6 4. e3 c6 5. c4 Be6 6. Qb3 Qb6 7. Nc3 dxc4 8. Bxc4 Qxb3 9. axb3 Bb4 10. Bxe6 fxe6 11. Nge2 Na6 12. Nf4 Ke7 13. Nd3 Bd6 14. Ke2 Nb4 15. Ne4 Nxd3 16. Kxd3 Rhd8 17. Ke2 f5 18. Nxd6 Rxd6 19. Ra5 a6 20. Rc1 Rd5 21. Rxd5 exd5 22. h4 1/2-1/2

[Event "Budapest FS12 IM"]
[Site "Budapest"]
[Date "2018.12.04"]
[Round "4.5"]
[White "Ongut, Tamas Gunes"]
[Black "Li, Hong"]
[Result "0-1"]
[WhiteElo "2230"]
[BlackElo "2330"]
[PlyCount "134"]
[EventDate "2018.12.01"]
[EventType "tourn"]
[EventRounds "9"]
[EventCountry "HUN"]
[SourceTitle "CBM 187 Extra"]
[Source "ChessBase"]
[SourceDate "2018.11.04"]
[SourceVersion "1"]
[SourceVersionDate "2018.11.04"]
[SourceQuality "1"]

1. e4 c5 2. Nf3 d6 3. d4 Nf6 4. Nc3 cxd4 5. Nxd4 a6 6. Bg5 Nbd7 7. Bc4 g6 8. Qe2 Qc7 9. Bd5 Bg7 10. 0-0-0 Nb6 11. Bb3 h6 12. Be3 Bd7 13. f4 Bg4 14. Nf3 Nfd7 15. Bd4 0-0 16. Bxg7 Kxg7 17. h3 Bxf3 18. gxf3 Nc5 19. Rhg1 Nxb3+ 20. axb3 Kh7 21. f5 Rg8 22. Rg4 a5 23. fxg6+ fxg6 24. e5 dxe5 25. Re4 Rg7 26. Rxe5 Rf8 27. Re1 Rff7 28. Qe3 Nd7 29. Re4 e5 30. Rh4 g5 31. Rc4 Qd6 32. h4 Qf6 33. Qd3+ Qf5 34. Ne4 gxh4 35. Rc7 h3 36. Rxd7 Rxd7 37. Nf6+ Kg6 38. Nxd7 Rxd7 39. Qb5 h2 40. Kb1 Rd2 41. Qe8+ Kf6 42. Qf8+ Kg6 43. Qg8+ Kh5 44. Qc4 Rg2 45. Qc5 Kh4 46. Ka2 Rxc2 47. Qe7+ Qg5 48. Qd7 Rd2 49. Qc8 Kg3 50. f4 exf4 51. Qxb7 f3 52. Rf1 Rf2 53. Qb8+ Kg2 54. Rxf2+ Kxf2 55. Qxh2+ Ke3 56. Qc2 f2 57. Qc1+ Ke2 58. Qc4+ Kf3 59. Qc6+ Kg3 60. Qh1 h5 61. Qd1 Qf5 62. Qf1 h4 63. b4 axb4 64. b3 Qc2+ 65. Ka1 Qc3+ 66. Ka2 Qd2+ 67. Kb1 Qe1+ 0-1

[Event "Budapest FS12 IM"]
[Site "Budapest"]
[Date "2018.12.01"]
[Round "1.3"]
[White "Li, Hong"]
[Black "To, Nhat Minh"]
[Result "0-1"]
[WhiteElo "2330"]
[BlackElo "2367"]
[PlyCount "82"]
[EventDate "2018.12.01"]
[EventType "tourn"]
[EventRounds "9"]
[EventCountry "HUN"]
[SourceTitle "CBM 187 Extra"]
[Source "ChessBase"]
[SourceDate "2018.11.04"]
[SourceVersion "1"]
[SourceVersionDate "2018.11.04"]
[SourceQuality "1"]

1. d4 Nf6 2. c4 g6 3. Nc3 d5 4. e3 Bg7 5. Nf3 0-0 6. Be2 c5 7. dxc5 Qa5 8. cxd5 Nxd5 9. Qxd5 Bxc3+ 10. Kf1 Rd8 11. Qc4 Bf6 12. Qc2 Na6 13. Bd2 Qxc5 14. Qxc5 Nxc5 15. Bc3 Bxc3 16. bxc3 b6 17. Nd4 Bd7 18. f3 Rac8 19. Kf2 e5 20. Nb3 Be6 21. c4 Nd3+ 22. Bxd3 Rxd3 23. Rac1 Rxc4 24. Ke2 Rd7 25. Rhd1 Rxd1 26. Rxd1 Rc2+ 27. Rd2 Bc4+ 28. Ke1 Rc3 29. Rd8+ Kg7 30. Rc8 Rxe3+ 31. Kd2 Re2+ 32. Kd1 b5 33. Rxc4 bxc4 34. Kxe2 cxb3 35. axb3 Kf6 36. Kd3 Ke6 37. Kc4 Kd6 38. g4 f5 39. h4 fxg4 40. fxg4 h5 41. gxh5 gxh5 0-1

[Event "Budapest FS11 IM"]
[Site "Budapest"]
[Date "2018.11.12"]
[Round "8"]
[White "Li, Hong"]
[Black "Ilincic, Zlatko"]
[Result "0-1"]
[WhiteElo "2337"]
[BlackElo "2384"]
[PlyCount "138"]
[EventDate "2018.11.03"]
[EventType "tourn"]
[EventRounds "9"]
[EventCountry "HUN"]
[SourceTitle "CBM 187 Extra"]
[Source "ChessBase"]
[SourceDate "2018.11.04"]
[SourceVersion "1"]
[SourceVersionDate "2018.11.04"]
[SourceQuality "1"]

1. d4 Nf6 2. c4 e6 3. Nc3 Bb4 4. Qc2 d6 5. Nf3 0-0 6. Bg5 h6 7. Bh4 Nbd7 8. e3 c5 9. dxc5 Nxc5 10. a3 Qa5 11. Bxf6 gxf6 12. Rc1 Bxc3+ 13. Qxc3 Qxc3+ 14. Rxc3 a5 15. b3 e5 16. Be2 Be6 17. 0-0 Rfc8 18. Nd2 f5 19. f4 e4 20. Rfc1 Kf8 21. Kf2 Ke7 22. R1c2 Rc7 23. h3 Rac8 24. Kf1 Kd7 25. Rc1 a4 26. bxa4 Ra8 27. Kf2 Nxa4 28. Rb3 Nc5 29. Rbc3 Rc6 30. g4 Rca6 31. Ra1 Rb6 32. Nf1 Rb2 33. Nh2 Nb3 34. Re1 Rxa3 35. gxf5 Bxf5 36. Nf1 Raa2 37. Ng3 Ke6 38. Nxf5 Kxf5 39. Kg3 Ke6 40. Bf1 Nc5 41. Kg4 Ra8 42. Rd1 Rg8+ 43. Kh4 Rh2 44. Ra3 Nd7 45. f5+ Ke7 46. Ra7 Nc5 47. Raa1 Rf2 48. Rab1 Rxf5 49. Be2 Rf2 50. Bh5 Rc2 51. Rb6 Rd8 52. Rf1 f6 53. Rg1 Rc3 54. Rg3 Ke6 55. Rb4 Ra8 56. Rb1 Raa3 57. Rg6 Rxe3 58. Bg4+ Ke5 59. Rf1 Ra6 60. Rxh6 Kd4 61. Rfxf6 Kxc4 62. Rxd6 Rxd6 63. Rxd6 b5 64. Kg5 b4 65. h4 Re1 66. h5 e3 67. Kf5 e2 68. Ke5 Nd3+ 69. Ke6 Nf4+ 0-1

[Event "Budapest FS11 IM"]
[Site "Budapest"]
[Date "2018.11.09"]
[Round "6"]
[White "Vegh, Endre"]
[Black "Li, Hong"]
[Result "0-1"]
[WhiteElo "2274"]
[BlackElo "2337"]
[PlyCount "80"]
[EventDate "2018.11.03"]
[EventType "tourn"]
[EventRounds "9"]
[EventCountry "HUN"]
[SourceTitle "CBM 187 Extra"]
[Source "ChessBase"]
[SourceDate "2018.11.04"]
[SourceVersion "1"]
[SourceVersionDate "2018.11.04"]
[SourceQuality "1"]

1. d4 Nf6 2. c4 c5 3. d5 b5 4. Qc2 b4 5. e4 d6 6. Nf3 Nbd7 7. Bd3 g6 8. 0-0 Bg7 9. h3 0-0 10. Bf4 a5 11. Nbd2 Ne8 12. Rae1 Qc7 13. Re2 a4 14. Rfe1 e5 15. dxe6 fxe6 16. Bg3 e5 17. Nf1 Nb8 18. Ne3 Nc6 19. Nd5 Qb7 20. Qd1 a3 21. b3 Rxf3 22. gxf3 Bxh3 23. Kh2 Be6 24. Re3 Qf7 25. f4 Nd4 26. fxe5 dxe5 27. f4 Bxd5 28. exd5 exf4 29. Rxe8+ Rxe8 30. Rxe8+ Qxe8 31. Bxf4 Be5 32. Qg4 Bxf4+ 33. Qxf4 Qe5 34. Kg3 Qxf4+ 35. Kxf4 Kf7 36. Ke5 Ke7 37. d6+ Kd7 38. Bb1 Ne2 39. Be4 Nc3 40. Bf3 Nxa2 0-1

[Event "Budapest FS11 IM"]
[Site "Budapest"]
[Date "2018.11.06"]
[Round "4"]
[White "Farago, Sandor"]
[Black "Li, Hong"]
[Result "1-0"]
[WhiteElo "2216"]
[BlackElo "2337"]
[PlyCount "67"]
[EventDate "2018.11.03"]
[EventType "tourn"]
[EventRounds "9"]
[EventCountry "HUN"]
[SourceTitle "CBM 187 Extra"]
[Source "ChessBase"]
[SourceDate "2018.11.04"]
[SourceVersion "1"]
[SourceVersionDate "2018.11.04"]
[SourceQuality "1"]

1. e4 c5 2. Nf3 d6 3. d4 Nf6 4. Nc3 cxd4 5. Nxd4 a6 6. f3 e6 7. Be3 b5 8. a3 Bb7 9. g4 h6 10. h4 Nc6 11. Nxc6 Bxc6 12. Rg1 Nd7 13. g5 hxg5 14. hxg5 Be7 15. Qd2 Rh7 16. 0-0-0 Nf8 17. f4 Qa5 18. f5 e5 19. Z0 Nd7 20. Kb1 Rb8 21. Nd5 Qxd2 22. Rxd2 Bxd5 23. Rxd5 Rh4 24. Bd3 Rh3 25. Ba7 Rb7 26. Bf2 Rh2 27. Be3 Rh3 28. Re1 Nb8 29. f6 gxf6 30. gxf6 Bxf6 31. Rxd6 Bg7 32. Rd5 Nc6 33. Bd2 f6 34. Rg1 1-0

[Event "Xingtai op"]
[Site "Xingtai"]
[Date "2018.10.20"]
[Round "7"]
[White "Li, Yunshan"]
[Black "Li, Hong"]
[Result "0-1"]
[WhiteElo "2096"]
[BlackElo "2349"]
[PlyCount "101"]
[EventDate "2018.10.14"]
[EventType "swiss"]
[EventRounds "9"]
[EventCountry "CHN"]
[SourceTitle "CBM 186 Extra"]
[Source "ChessBase"]
[SourceDate "2018.08.24"]
[SourceVersion "1"]
[SourceVersionDate "2018.08.24"]
[SourceQuality "1"]

1. d4 Nf6 2. c4 g6 3. Nc3 Bg7 4. e4 d6 5. Nf3 0-0 6. h3 e5 7. d5 a5 8. g4 Na6 9. Be3 Nd7 10. Be2 Ndc5 11. Nd2 f5 12. g5 c6 13. h4 a4 14. f3 a3 15. bxa3 Qa5 16. Qc1 fxe4 17. fxe4 Qc7 18. Nb3 Bd7 19. Qd2 Rf7 20. h5 Be8 21. hxg6 hxg6 22. Bg4 Bd7 23. Bd1 Qd8 24. Qh2 Nd3+ 25. Kd2 Nf4 26. Qh7+ Kf8 27. Bxf4 Rxf4 28. Be2 Qxg5 29. Kc2 Qf6 30. Rag1 Be8 31. Bg4 Nc7 32. Ne2 Bf7 33. Nxf4 exf4 34. Nd2 Rxa3 35. Rb1 Rxa2+ 36. Kd1 Qc3 37. Qh2 Qc2+ 38. Ke1 Bc3 39. Rd1 Qxe4+ 40. Kf1 Qe3 41. Qh6+ Bg7 42. Qh2 cxd5 43. Qf2 Bc3 44. Rh3 Qd4 45. Rxc3 Qxc3 46. Qh2 Kg7 47. Qxf4 Qf6 48. Qxf6+ Kxf6 49. Nf3 Ra6 50. Bc8 b5 51. c5 0-1

[Event "Vojvodina op 9th"]
[Site "Novi Sad"]
[Date "2018.07.25"]
[Round "7"]
[White "Li, Hong"]
[Black "Pratyusha, Bodda"]
[Result "0-1"]
[WhiteElo "2365"]
[BlackElo "2244"]
[PlyCount "94"]
[EventDate "2018.07.22"]
[EventType "swiss"]
[EventRounds "9"]
[EventCountry "YUG"]
[SourceTitle "CBM 185 Extra"]
[Source "ChessBase"]
[SourceDate "2018.07.29"]
[SourceVersion "1"]
[SourceVersionDate "2018.07.29"]
[SourceQuality "1"]

1. d4 d5 2. c4 e6 3. Nc3 a6 4. cxd5 exd5 5. Nf3 Nf6 6. Bg5 Be6 7. e3 Nbd7 8. Bd3 h6 9. Bh4 g5 10. Bg3 Nh5 11. Be5 Ng7 12. h3 c6 13. Qc2 Nxe5 14. Nxe5 Bd6 15. 0-0 Qc7 16. e4 Bxe5 17. dxe5 d4 18. Nd5 Qxe5 19. f4 gxf4 20. Nxf4 0-0 21. Rae1 Rae8 22. b4 a5 23. a3 axb4 24. axb4 Qd6 25. Qd2 Bd7 26. Bc4 Re5 27. Nd3 Rg5 28. e5 Qc7 29. h4 Rg6 30. Rf6 Be6 31. Bxe6 Nxe6 32. Ref1 Qd7 33. h5 Rg3 34. Rxh6 Qd5 35. Qe2 Ng5 36. Rd6 Qc4 37. Rd1 Ra8 38. Nf4 d3 39. Qf2 Nf3+ 40. Kf1 Qxf4 41. R6xd3 Nh2+ 42. Kg1 Qxf2+ 43. Kxf2 Rxd3 44. Rxd3 Ng4+ 45. Kg3 Nxe5 46. Re3 f6 47. Kf4 Kg7 0-1

[Event "Vojvodina op 9th"]
[Site "Novi Sad"]
[Date "2018.07.24"]
[Round "4"]
[White "Dragojlovic, Andjelko"]
[Black "Li, Hong"]
[Result "1/2-1/2"]
[WhiteElo "2262"]
[BlackElo "2365"]
[PlyCount "99"]
[EventDate "2018.07.22"]
[EventType "swiss"]
[EventRounds "9"]
[EventCountry "YUG"]
[SourceTitle "CBM 185 Extra"]
[Source "ChessBase"]
[SourceDate "2018.07.29"]
[SourceVersion "1"]
[SourceVersionDate "2018.07.29"]
[SourceQuality "1"]

1. e4 c5 2. Nf3 d6 3. d4 Nf6 4. Nc3 cxd4 5. Qxd4 Nc6 6. Bb5 Bd7 7. Bxc6 Bxc6 8. Bg5 e6 9. 0-0-0 Be7 10. Rhe1 0-0 11. Qd2 Rc8 12. Nd4 d5 13. e5 Nd7 14. Bxe7 Qxe7 15. f4 Nb6 16. b3 Bd7 17. Nb1 Rc5 18. Re3 Rfc8 19. Rde1 a5 20. g4 Na8 21. f5 Qg5 22. Rg3 Qxd2+ 23. Nxd2 Nc7 24. N2f3 a4 25. Re3 Nb5 26. bxa4 Nc3 27. Nd2 Bxa4 28. N2b3 Rc4 29. a3 Nb5 30. Nxb5 Rxc2+ 31. Kb1 Bxb5 32. Nd4 Rc1+ 33. Kb2 Bd7 34. Rc3 R1xc3 35. Rxc3 Rxc3 36. Kxc3 h5 37. fxe6 fxe6 38. gxh5 Kh7 39. Kb4 b6 40. a4 Kh6 41. a5 bxa5+ 42. Kxa5 Kg5 43. Kb6 Kf4 44. Kc7 Kxe5 45. Kxd7 Kxd4 46. Kxe6 Ke4 47. Kf7 d4 48. Kxg7 d3 49. h6 d2 50. h7 1/2-1/2

[Event "Vojvodina op 9th"]
[Site "Novi Sad"]
[Date "2018.07.24"]
[Round "5"]
[White "Li, Hong"]
[Black "Batsuren, Dambasuren"]
[Result "0-1"]
[WhiteElo "2365"]
[BlackElo "2321"]
[PlyCount "94"]
[EventDate "2018.07.22"]
[EventType "swiss"]
[EventRounds "9"]
[EventCountry "YUG"]
[SourceTitle "CBM 185 Extra"]
[Source "ChessBase"]
[SourceDate "2018.07.29"]
[SourceVersion "1"]
[SourceVersionDate "2018.07.29"]
[SourceQuality "1"]

1. d4 Nf6 2. c4 e6 3. Nf3 b6 4. Nc3 Bb7 5. a3 d5 6. Bg5 Be7 7. e3 0-0 8. Bd3 c5 9. dxc5 bxc5 10. 0-0 Nbd7 11. Qe2 Ne4 12. Bxe7 Qxe7 13. Rac1 Nxc3 14. Rxc3 e5 15. e4 d4 16. Rc2 Rab8 17. Rb1 Bc6 18. b3 f5 19. Nd2 Nf6 20. Rcb2 Qb7 21. f3 fxe4 22. fxe4 a5 23. Rf1 Qe7 24. Rbb1 Bd7 25. h3 g6 26. Kh2 Nh5 27. Rxf8+ Rxf8 28. Rf1 Nf4 29. Qf3 Qg5 30. Bc2 Ne6 31. Qd1 Rxf1 32. Nxf1 Qf4+ 33. Kg1 Qh4 34. Qd2 Nf4 35. Qf2 Qh5 36. Ng3 Qg5 37. Kh2 Ne6 38. Nf1 Qc1 39. g3 Qxa3 40. h4 Qb2 41. Kg1 Qc3 42. Bd1 Nf8 43. h5 Bh3 44. Be2 Bxf1 45. Kxf1 Qc1+ 46. Kg2 Qg5 47. Qf3 Qxh5 0-1

[Event "Moscow op-A 14th"]
[Site "Moscow"]
[Date "2018.02.04"]
[Round "9"]
[White "Li, Hong"]
[Black "Zakaryan, David"]
[Result "1/2-1/2"]
[WhiteElo "2349"]
[BlackElo "2420"]
[PlyCount "98"]
[EventDate "2018.01.27"]
[EventType "swiss"]
[EventRounds "9"]
[EventCountry "RUS"]
[SourceTitle "CBM 182 Extra"]
[Source "ChessBase"]
[SourceDate "2018.02.23"]
[SourceVersion "1"]
[SourceVersionDate "2018.02.23"]
[SourceQuality "1"]

1. d4 Nf6 2. c4 e6 3. Nf3 b6 4. g3 Ba6 5. b3 Bb4+ 6. Bd2 Be7 7. Bg2 d5 8. Bc3 0-0 9. 0-0 c6 10. Nbd2 Nbd7 11. Re1 Rc8 12. e4 Bb7 13. Qe2 Qc7 14. Rad1 Rfd8 15. Ng5 Nf8 16. Qf3 h6 17. Nxf7 Kxf7 18. e5 c5 19. exf6 Bxf6 20. dxc5 d4 21. Qxb7 dxc3 22. Qxc7+ Rxc7 23. Ne4 Rxd1 24. Rxd1 bxc5 25. Rc1 Ng6 26. Nxc3 Bxc3 27. Rxc3 Rd7 28. Be4 Rd1+ 29. Kg2 Ne5 30. h3 g5 31. Rc2 a5 32. Re2 Kf6 33. f4 gxf4 34. gxf4 Nd3 35. Bxd3 Rxd3 36. Re5 Rd2+ 37. Kg3 Rxa2 38. Rxc5 Ra3 39. Kg4 Rxb3 40. Rxa5 Rc3 41. Rh5 Rxc4 42. Rxh6+ Kf7 43. Rh5 Kf6 44. Ra5 Rc1 45. h4 Rg1+ 46. Kf3 Rf1+ 47. Kg3 Rg1+ 48. Kf3 Rf1+ 49. Kg3 Rg1+ 1/2-1/2

[Event "Moscow op-A 14th"]
[Site "Moscow"]
[Date "2018.01.28"]
[Round "2"]
[White "Lauda, Alexandr"]
[Black "Li, Hong"]
[Result "0-1"]
[WhiteElo "2008"]
[BlackElo "2349"]
[PlyCount "81"]
[EventDate "2018.01.27"]
[EventType "swiss"]
[EventRounds "9"]
[EventCountry "RUS"]
[SourceTitle "CBM 182 Extra"]
[Source "ChessBase"]
[SourceDate "2018.02.23"]
[SourceVersion "1"]
[SourceVersionDate "2018.02.23"]
[SourceQuality "1"]

1. d4 Nf6 2. c4 c5 3. d5 b5 4. a4 bxc4 5. Nc3 g6 6. e4 d6 7. Bxc4 Bg7 8. f4 0-0 9. Nf3 Ba6 10. Bxa6 Nxa6 11. 0-0 Rb8 12. Kh1 Rb4 13. e5 Ng4 14. Ng5 Nh6 15. Nb5 dxe5 16. Bd2 exf4 17. Bxb4 Nxb4 18. Nxa7 Nf5 19. Nc6 Qc7 20. Nxb4 cxb4 21. d6 Nxd6 22. Qb3 h6 23. Rac1 Qa5 24. Nh3 g5 25. Rfd1 Ra8 26. Ra1 Qc5 27. Qf3 Ra5 28. Rac1 Qf5 29. g4 fxg3 30. Qxf5 Nxf5 31. Rd8+ Kh7 32. b3 gxh2 33. Kxh2 Re5 34. Rf1 Kg6 35. Ra8 Re2+ 36. Rf2 Be5+ 37. Kg2 Re3 38. Ng1 Rg3+ 39. Kf1 Rxb3 40. Ne2 Rb1+ 41. Kg2 0-1

[Event "Moscow op-A 14th"]
[Site "Moscow"]
[Date "2018.01.27"]
[Round "1"]
[White "Li, Hong"]
[Black "Vetokhin, Ilia"]
[Result "1/2-1/2"]
[WhiteElo "2349"]
[BlackElo "2031"]
[PlyCount "187"]
[EventDate "2018.01.27"]
[EventType "swiss"]
[EventRounds "9"]
[EventCountry "RUS"]
[SourceTitle "CBM 182 Extra"]
[Source "ChessBase"]
[SourceDate "2018.02.23"]
[SourceVersion "1"]
[SourceVersionDate "2018.02.23"]
[SourceQuality "1"]

1. d4 Nf6 2. c4 g6 3. Nc3 Bg7 4. e4 d6 5. f3 0-0 6. Bg5 b6 7. Qd2 c5 8. d5 e6 9. Nge2 exd5 10. Nxd5 Be6 11. Nec3 Nc6 12. h4 Nd4 13. h5 a6 14. Bd3 b5 15. 0-0 b4 16. Nd1 Bxd5 17. cxd5 Qc7 18. h6 Bh8 19. Ne3 Rfe8 20. Nc4 Nd7 21. Bf4 Be5 22. Rae1 Nb6 23. Bxe5 Nxc4 24. Bxc4 Rxe5 25. f4 Rh5 26. f5 Qe7 27. Qf4 g5 28. Qg3 Qe5 29. Qxe5 dxe5 30. Rc1 Rxh6 31. Bd3 Rc8 32. f6 Nb5 33. Rf5 Kh8 34. Rxe5 Rxf6 35. Rxg5 h6 36. Rh5 Kg7 37. e5 Rf4 38. Rc4 Nd4 39. Rh3 Rg4 40. Re3 Rg5 41. Kf2 f6 42. Rc1 fxe5 43. g3 Kf6 44. Re4 Ke7 45. Bxa6 Rf8+ 46. Kg2 Kd6 47. Rh1 Nf5 48. g4 Rfg8 49. Kf3 Nd4+ 50. Ke3 h5 51. Rxh5 Rxh5 52. gxh5 Kxd5 53. Bb7+ Ke6 54. Kd3 Nf5 55. Ba6 Rg3+ 56. Kd2 Rg5 57. Bc8+ Kd5 58. Bb7+ Kd6 59. a3 bxa3 60. bxa3 Rxh5 61. Rg4 Rh2+ 62. Kd3 Rh3+ 63. Ke4 Ng3+ 64. Kf3 Nf5+ 65. Ke4 Ne7 66. Rg1 Rxa3 67. Rd1+ Ke6 68. Rh1 Ra4+ 69. Kd3 c4+ 70. Ke4 c3+ 71. Kd3 Ra3 72. Rh6+ Kd7 73. Be4 Ra4 74. Rh4 Kd6 75. Kxc3 Kc5 76. Rh7 Ra3+ 77. Kb2 Ra7 78. Bc2 Rb7+ 79. Kc1 Rd7 80. Kb2 Kd4 81. Rh4+ Kc5 82. Rh7 Ra7 83. Rg7 Kd5 84. Kc3 Rc7+ 85. Kd2 Kd6 86. Be4 Rc4 87. Kd3 Ra4 88. Rh7 Ra3+ 89. Kd2 Nd5 90. Bxd5 Kxd5 91. Rh4 Ra2+ 92. Ke3 Ra3+ 93. Ke2 e4 94. Rh8 1/2-1/2